Inauguració del curs 2019-2020 : 7 d'octubre de 2019, 12h 7 d'octubre de 2019, 12h
Descripción Física:
1 díptic ; il·lustracions color ; 15 x 21 cm
Idioma:
Catalán
MARC
| LEADER | 00000nam a22000007a 4500 | ||
|---|---|---|---|
| 001 | 27945 | ||
| 003 | Arxiu | ||
| 005 | 20260324181517.0 | ||
| 008 | 230523b spa||||| |||| 00| 0 cat d | ||
| 017 | |a B 23074-2019 | ||
| 040 | |a agdb |b cat | ||
| 245 | |a Inauguració del curs 2019-2020 : |b 7 d'octubre de 2019, 12h | ||
| 260 | |a Barcelona : |b Institut del Teatre ; |c 2019 | ||
| 300 | |a 1 díptic ; |b il·lustracions color ; |c 15 x 21 cm | ||
| 610 | 0 | |9 56141 |a Institut del Teatre (Barcelona, Catalunya) |x Ensenyament | |
| 710 | 1 | |9 52662 |a Institut del Teatre (Barcelona, Catalunya) | |
| 942 | |2 udc |c ARXIU |n 1 | ||
| 952 | |0 0 |1 0 |2 udc |4 0 |6 FU75139 |7 1 |9 66415 |a Arxiu |b Arxiu |d 2023-05-23 |l 0 |o FU-75-139 |p 27945 |r 2023-05-23 00:00:00 |w 2023-05-23 |y ARXIU | ||
| 999 | |c 83758 |d 83758 | ||